Vista normal Vista MARC

Entrada Personal Name

Número de registros utilizados en: 2

001 - CONTROL NUMBER

  • control field: 520

003 - CONTROL NUMBER IDENTIFIER

  • control field: OSt

005 - DATE AND TIME OF LATEST TRANSACTION

  • control field: 20200212162254.0

008 - FIXED-LENGTH DATA ELEMENTS

  • fixed length control field: 200212|| aca||aabn | a|a d

040 ## - CATALOGING SOURCE

  • Original cataloging agency: OSt
  • Transcribing agency: OSt

100 ## - HEADING--PERSONAL NAME

  • Personal name: Rowell, Rainbow,

670 ## - SOURCE DATA FOUND

  • Source citation: Work cat.: (OSt): Rowell, Rainbow, autor, Segundas oportunidades / , 2015